| 000 | 00350nam a2200109Ia 4500 | ||
|---|---|---|---|
| 008 | 180116s9999 xx 000 0 und d | ||
| 020 | _a9781455741656 | ||
| 245 |
_cCarl A. Burtis, David E. Bruns _aTietz Fundamentals of Clinical Chemistry and Molecular Diagnostics |
||
| 250 | _a7th ed | ||
| 260 |
_bElsevier Inc. Sounders _c2015 |
||
| 300 | _a1075 pages | ||
| 999 |
_c353276 _d353276 |
||